| 000 | 01366nam a2200313Ia 4500 | ||
|---|---|---|---|
| 003 | OSt | ||
| 005 | 20250717104845.0 | ||
| 008 | 220909b |||||||| |||| 00| 0 eng d | ||
| 020 | _a9780849339295 | ||
| 037 | _cTextual | ||
| 040 |
_aCSL _beng _cCSL |
||
| 041 | _aeng | ||
| 084 |
_aE:283 N1;Q1;3 TE _qCSL |
||
| 100 |
_aYoung, Robert J _eauthor _9427385 |
||
| 245 | 0 | _aIntroduction to polymers | |
| 250 | _a3rd ed. | ||
| 260 |
_aNew York : _bCRC Press, _c2011. |
||
| 300 |
_axx, 668p. _b: ill. |
||
| 500 | _aIndex 653-668p. | ||
| 520 | _aThoroughly updated, Introduction to Polymers, Third Edition presents the science underpinning the synthesis, characterization and properties of polymers. The material has been completely reorganized and expanded to include important new topics and provide a coherent platform for teaching and learning the fundamental aspects of contemporary polymer science. | ||
| 650 |
_a Electrical properties _9815848 |
||
| 650 |
_a Multicomponent polymer systems _9815849 |
||
| 650 |
_a Scattering methods _9815850 |
||
| 650 |
_a Viscoelasticity _9815851 |
||
| 650 |
_aPolyaddition _9815847 |
||
| 700 |
_aLovell, Peter A _eco-author _9719685 |
||
| 942 |
_hE:283 N1;Q1;3 TE _cTEXL _2CC _n0 |
||
| 999 |
_c13790 _d13790 |
||